<?xml version="1.0" encoding="UTF-8"?>
<record
    xmlns:xsi="http://www.w3.org/2001/XMLSchema-instance"
    xsi:schemaLocation="http://www.loc.gov/MARC21/slim http://www.loc.gov/standards/marcxml/schema/MARC21slim.xsd"
    xmlns="http://www.loc.gov/MARC21/slim">

  <leader>00708nam a22001337a 4500</leader>
  <datafield tag="040" ind1=" " ind2=" ">
    <subfield code="c">RUA</subfield>
  </datafield>
  <datafield tag="082" ind1=" " ind2=" ">
    <subfield code="a">AGR KEO 2017 B636 Or.1</subfield>
  </datafield>
  <datafield tag="100" ind1=" " ind2=" ">
    <subfield code="a">KEO CHENGCHANG &#x1780;&#x17C2;&#x179C; &#x1785;&#x17C2;&#x1784;&#x1785;&#x17B6;&#x17C6;&#x1784;</subfield>
  </datafield>
  <datafield tag="245" ind1=" " ind2=" ">
    <subfield code="a">comparison of different manures on long bean at royal university of agriculture &#x1780;&#x17B6;&#x179A;&#x1794;&#x17D2;&#x179A;&#x17C0;&#x1794;&#x1792;&#x17C0;&#x1794;&#x1787;&#x17B8;&#x179B;&#x17B6;&#x1798;&#x1780;&#x179F;&#x178F;&#x17D2;&#x179C;&#x1795;&#x17D2;&#x179F;&#x17C1;&#x1784;&#x1782;&#x17D2;&#x1793;&#x17B6;&#x179B;&#x17BE;&#x178A;&#x17C6;&#x178E;&#x17B6;&#x17C6;&#x179F;&#x178E;&#x17D2;&#x178F;&#x17C2;&#x1780;&#x1780;&#x17BD;&#x179A; &#x1793;&#x17C5;&#x1780;&#x17D2;&#x1793;&#x17BB;&#x1784;&#x179F;&#x17B6;&#x1780;&#x179B;&#x179C;&#x17B8;&#x1791;&#x17D2;&#x1799;&#x17B6;&#x179B;&#x17D0;&#x1799;&#x1797;&#x17BC;&#x1798;&#x17B7;&#x1793;&#x17D2;&#x1791;&#x1780;&#x179F;&#x17B7;&#x1780;&#x1798;&#x17D2;&#x1798;</subfield>
  </datafield>
  <datafield tag="260" ind1=" " ind2=" ">
    <subfield code="a">RUA</subfield>
    <subfield code="b">Phnom penh </subfield>
    <subfield code="c">2017</subfield>
  </datafield>
  <datafield tag="300" ind1=" " ind2=" ">
    <subfield code="a">ix;27p</subfield>
    <subfield code="b">ill;</subfield>
    <subfield code="c">29cm</subfield>
  </datafield>
  <datafield tag="856" ind1=" " ind2=" ">
    <subfield code="u">https://drive.google.com/file/d/1L5JyujKEZsCYViNmMpiX7gVaPSOdLjLa/view?usp=sharing</subfield>
  </datafield>
  <datafield tag="942" ind1=" " ind2=" ">
    <subfield code="c">AGR</subfield>
  </datafield>
  <datafield tag="999" ind1=" " ind2=" ">
    <subfield code="c">17997</subfield>
    <subfield code="d">17997</subfield>
  </datafield>
  <datafield tag="952" ind1=" " ind2=" ">
    <subfield code="0">0</subfield>
    <subfield code="1">0</subfield>
    <subfield code="2">ddc</subfield>
    <subfield code="4">0</subfield>
    <subfield code="6">AGR_KEO_2017_000000000000000_B636_OR_1</subfield>
    <subfield code="7">0</subfield>
    <subfield code="9">79637</subfield>
    <subfield code="a">LBB</subfield>
    <subfield code="b">LBB</subfield>
    <subfield code="c">B636</subfield>
    <subfield code="d">2019-07-17</subfield>
    <subfield code="l">2</subfield>
    <subfield code="o">AGR KEO 2017 B636 Or.1</subfield>
    <subfield code="p">A41407</subfield>
    <subfield code="r">2020-11-20</subfield>
    <subfield code="s">2020-11-17</subfield>
    <subfield code="w">2019-07-17</subfield>
    <subfield code="y">AGR</subfield>
  </datafield>
  <datafield tag="952" ind1=" " ind2=" ">
    <subfield code="0">0</subfield>
    <subfield code="1">0</subfield>
    <subfield code="2">ddc</subfield>
    <subfield code="4">0</subfield>
    <subfield code="6">AGR_KEO_2017_000000000000000_B636_OR_2</subfield>
    <subfield code="7">0</subfield>
    <subfield code="9">79638</subfield>
    <subfield code="a">LBB</subfield>
    <subfield code="b">LBB</subfield>
    <subfield code="c">B636</subfield>
    <subfield code="d">2019-07-17</subfield>
    <subfield code="o">AGR KEO 2017 B636 Or.2</subfield>
    <subfield code="p">A41500</subfield>
    <subfield code="r">2019-07-17</subfield>
    <subfield code="w">2019-07-17</subfield>
    <subfield code="y">AGR</subfield>
  </datafield>
  <datafield tag="952" ind1=" " ind2=" ">
    <subfield code="0">0</subfield>
    <subfield code="1">0</subfield>
    <subfield code="2">ddc</subfield>
    <subfield code="4">0</subfield>
    <subfield code="6">AGR_KEO_2017_000000000000000_B636_OR_3</subfield>
    <subfield code="7">0</subfield>
    <subfield code="9">79639</subfield>
    <subfield code="a">LBB</subfield>
    <subfield code="b">LBB</subfield>
    <subfield code="c">B636</subfield>
    <subfield code="d">2019-07-17</subfield>
    <subfield code="o">AGR KEO 2017 B636 Or.3</subfield>
    <subfield code="p">A41505</subfield>
    <subfield code="r">2019-07-17</subfield>
    <subfield code="w">2019-07-17</subfield>
    <subfield code="y">AGR</subfield>
  </datafield>
  <datafield tag="952" ind1=" " ind2=" ">
    <subfield code="0">0</subfield>
    <subfield code="1">0</subfield>
    <subfield code="2">ddc</subfield>
    <subfield code="4">0</subfield>
    <subfield code="6">AGR_KEO_2017_000000000000000_B636_OR_4</subfield>
    <subfield code="7">0</subfield>
    <subfield code="9">79640</subfield>
    <subfield code="a">LBB</subfield>
    <subfield code="b">LBB</subfield>
    <subfield code="c">B636</subfield>
    <subfield code="d">2019-07-17</subfield>
    <subfield code="o">AGR KEO 2017 B636 Or.4</subfield>
    <subfield code="p">A41280</subfield>
    <subfield code="r">2019-07-17</subfield>
    <subfield code="w">2019-07-17</subfield>
    <subfield code="y">AGR</subfield>
  </datafield>
  <datafield tag="952" ind1=" " ind2=" ">
    <subfield code="0">0</subfield>
    <subfield code="1">0</subfield>
    <subfield code="2">ddc</subfield>
    <subfield code="4">0</subfield>
    <subfield code="6">AGR_KEO_2017_000000000000000_B636_OR_5</subfield>
    <subfield code="7">0</subfield>
    <subfield code="9">79641</subfield>
    <subfield code="a">LBB</subfield>
    <subfield code="b">LBB</subfield>
    <subfield code="c">B636</subfield>
    <subfield code="d">2019-07-17</subfield>
    <subfield code="o">AGR KEO 2017 B636 Or.5</subfield>
    <subfield code="p">A41355</subfield>
    <subfield code="r">2019-07-17</subfield>
    <subfield code="w">2019-07-17</subfield>
    <subfield code="y">AGR</subfield>
  </datafield>
  <datafield tag="952" ind1=" " ind2=" ">
    <subfield code="0">0</subfield>
    <subfield code="1">0</subfield>
    <subfield code="2">ddc</subfield>
    <subfield code="4">0</subfield>
    <subfield code="6">AGR_KEO_2017_000000000000000_B636_OR_6</subfield>
    <subfield code="7">0</subfield>
    <subfield code="9">79642</subfield>
    <subfield code="a">LBB</subfield>
    <subfield code="b">LBB</subfield>
    <subfield code="c">B636</subfield>
    <subfield code="d">2019-07-17</subfield>
    <subfield code="l">1</subfield>
    <subfield code="o">AGR KEO 2017 B636 Or.6</subfield>
    <subfield code="p">A41447</subfield>
    <subfield code="r">2024-05-09</subfield>
    <subfield code="s">2024-04-05</subfield>
    <subfield code="w">2019-07-17</subfield>
    <subfield code="y">AGR</subfield>
  </datafield>
</record>
